01130cam a2200301 a 4500001001400000003000800014005001700022006001900039007001500058008004100073020003800114040003000152050002100182082001900203100002000222245011900242260004300361300003600404504005100440521001700491588004700508650006000555650004400615655002900659710001600688776003500704856008900739EDZ0000159369StDuBDS20161031105250.0m||||||||d||||||||cr |||||||||||130912s1998 cau fo| 001|0|eng d a9781483328249 (ebook) :cNo price aStDuBDSbengcStDuBDSepn 0aJS331b.B68 199804a352.1409732231 aBox, Richard C.10aCitizen governanceh[electronic resource] :bleading American communities into the 21st century /cRichard C. Box. aThousand Oaks, Calif. :bSAGE,cc1998. a1 online resource (xiv, 186 p.) aIncludes bibliographical references and index. aSpecialized. aDescription based on print version record. 0aLocal governmentzUnited StatesxCitizen participation. 0aPolitical participationzUnited States. 7aElectronic books.2local2 aSage eBooks08iPrint version :z978076191257640uhttp://ezproxy.alfaisal.edu/login?url=http://sk.sagepub.com/books/citizen-governance